Whitman: a collection of critical essays

محفوظ في:
التفاصيل البيبلوغرافية
التنسيق: كتاب
اللغة:English
منشور في: Estados Unidos Prentice-Hall 1962
الموضوعات:
الوسوم: إضافة وسم
لا توجد وسوم, كن أول من يضع وسما على هذه التسجيلة!

MARC

LEADER 00000nam a2200000Ia 4500
008 170316s9999 xx 000 0 eng d
040 |a cru BVZT 
090 |a C-810 W-2w 
245 |a Whitman: a collection of critical essays 
260 |a Estados Unidos 
260 |b Prentice-Hall 
260 |c 1962 
300 |a 183 páginas 
650 |a LITERATURA ESTADOUNIDENSE 
650 |a CRÍTICA 
942 |c 15 D 
999 |c 12883  |d 12883